[Event "DSOL 05 Liga Gr-C 1st"]
[Site "Playchess.com INT"]
[Date "2020.08.03"]
[Round "7.4"]
[White "Pougin, Elias"]
[Black "Luft, Maik"]
[Result "1-0"]
[WhiteElo "1297"]
[BlackElo "1490"]
[PlyCount "107"]
[EventDate "2020.06.22"]
[EventType "team-tourn (rapid)"]
[EventCountry "GER"]
[SourceTitle "EXT 2021"]
[Source "ChessBase"]
[SourceDate "2020.10.23"]
[SourceVersion "1"]
[SourceVersionDate "2020.10.23"]
[SourceQuality "1"]
[WhiteTeam "Gern SF"]
[BlackTeam "Zwickau"]
[WhiteTeamCountry "GER"]
[BlackTeamCountry "GER"]

1. c4 e5 2. g3 c6 3. Nf3 e4 4. Nd4 Nf6 5. Bg2 d5 6. d3 Bc5 7. Nb3 Bb4+ 8. Bd2 Bxd2+ 9. Qxd2 dxc4 10. dxc4 Qe7 11. Nc3 0-0 12. Rd1 Nbd7 13. 0-0 Nb6 14. c5 Nbd5 15. Nxd5 Nxd5 16. Qd4 f5 17. Nd2 b6 18. b4 Ba6 19. Rfe1 Rad8 20. Rc1 e3 21. fxe3 Nxe3 22. Qb2 Nxg2 23. Kxg2 Bb5 24. Nf3 Rd5 25. cxb6 axb6 26. Qb3 Kh8 27. a4 Ba6 28. b5 Bc8 29. bxc6 Rc5 30. Qxb6 Rc4 31. Rxc4 Re8 32. Qc5 Qc7 33. a5 Qf7 34. Ne5 Qc7 35. Nd7 Bxd7 36. cxd7 Qxd7 37. Qc6 Qf7 38. a6 Rf8 39. Ra1 Qa7 40. Qc5 Qa8+ 41. Kg1 Kg8 42. a7 f4 43. Qc6 f3 44. Qxa8 Rxa8 45. exf3 Kf7 46. Ra6 h5 47. Rc7+ Kg8 48. Rc8+ Rxc8 49. a8Q Rxa8 50. Rxa8+ Kh7 51. Ra6 Kg8 52. f4 Kf7 53. Kf2 Ke7 54. Ke3 1-0

[Event "DSOL 05 Liga Gr-C 1st"]
[Site "Playchess.com INT"]
[Date "2020.07.31"]
[Round "6.3"]
[White "Deutschmann, Joerg"]
[Black "Luft, Maik"]
[Result "0-1"]
[WhiteElo "1717"]
[BlackElo "1490"]
[PlyCount "48"]
[EventDate "2020.06.22"]
[EventType "team-tourn (rapid)"]
[EventCountry "GER"]
[SourceTitle "EXT 2021"]
[Source "ChessBase"]
[SourceDate "2020.10.23"]
[SourceVersion "1"]
[SourceVersionDate "2020.10.23"]
[SourceQuality "1"]
[WhiteTeam "Datteln"]
[BlackTeam "Zwickau"]
[WhiteTeamCountry "GER"]
[BlackTeamCountry "GER"]

1. e4 e5 2. Nf3 Nc6 3. Bb5 a6 4. Ba4 Nf6 5. 0-0 Be7 6. Re1 0-0 7. c3 b5 8. Bc2 d5 9. exd5 Qxd5 10. d3 Bf5 11. Nh4 Bg4 12. f3 Be6 13. g3 Bc5+ 14. Kh1 Ng4 15. Qe2 Nf2+ 16. Kg1 Nxd3+ 17. Kg2 Nxe1+ 18. Qxe1 f5 19. Be3 Bxe3 20. Qxe3 Rad8 21. Bb3 Qd7 22. Bxe6+ Qxe6 23. Nd2 f4 24. Qe2 g5 0-1